000 00200 a2200097 4500
001 47433
100 _aCowis G
245 _aFabulous admirals
260 _aLondon
_bPutnam
_c
090 _c30461
_d30461
942 _aNUST-CAE
_cM
_c22738
999 _c282506
_d282506